Mots de la langue française terminés par "porter" - Statistiques

Statistiques générales
  • Ce quiz a été pris 186 fois
  • Le résultat moyen est 9 sur 13
Statistiques - réponses
Indice Mot % Correct
amener apporter
92%
introduire importer
87%
commercialiser exporter
85%
véhiculer transporter
82%
exiler déporter
81%
encourager supporter
81%
relater rapporter
79%
enlever emporter
77%
gagner remporter
76%
surseoir reporter
74%
propager colporter
59%
renfermer comporter
37%
indisposer insupporter
23%
Aucun quiz correspondant
Distribution des résultats
% des personnes avec chaque résultat
Percentile par nombre de réponses
Votre historique - résultats
Vous n’avez pas pris ce quiz